Разработка приложения для тестирования алгоритмов дискретной оптимизации; Технологии Microsoft в теории и практике программирования
| Parent link: | Технологии Microsoft в теории и практике программирования.— 2015.— [С. 139-140] |
|---|---|
| Hovedforfatter: | |
| Institution som forfatter: | |
| Andre forfattere: | |
| Summary: | Заглавие с титульного листа. This article includes the review of the most widespread algorithms used for the task of solution of the travelling salesman such as exhaustive algorithm, Greedy algorithm, genetic algorithm. |
| Sprog: | russisk |
| Udgivet: |
2015
|
| Serier: | Информационно-телекоммуникационные технологии |
| Fag: | |
| Online adgang: | http://earchive.tpu.ru/handle/11683/23838 http://www.lib.tpu.ru/fulltext/c/2015/C28/060.pdf |
| Format: | MixedMaterials Electronisk Book Chapter |
| KOHA link: | https://koha.lib.tpu.ru/cgi-bin/koha/opac-detail.pl?biblionumber=614568 |
MARC
| LEADER | 00000naa2a2200000 4500 | ||
|---|---|---|---|
| 001 | 614568 | ||
| 005 | 20231101132820.0 | ||
| 035 | |a (RuTPU)RU\TPU\conf\12738 | ||
| 035 | |a RU\TPU\conf\12737 | ||
| 090 | |a 614568 | ||
| 100 | |a 20151001d2015 k y0rusy50 ca | ||
| 101 | 0 | |a rus |d eng | |
| 102 | |a RU | ||
| 105 | |a y z 100zy | ||
| 135 | |a drgn ---uucaa | ||
| 181 | 0 | |a i | |
| 182 | 0 | |a b | |
| 200 | 1 | |a Разработка приложения для тестирования алгоритмов дискретной оптимизации |f А. А. Анненкова, В. И. Рейзлин |g науч. рук. В. И. Рейзлин | |
| 203 | |a Текст |c электронный | ||
| 225 | 1 | |a Информационно-телекоммуникационные технологии | |
| 230 | |a 1 компьютерный файл (pdf; 174 Кб) | ||
| 300 | |a Заглавие с титульного листа. | ||
| 320 | |a [Библиогр.: с. 140 (2 назв.)] | ||
| 330 | |a This article includes the review of the most widespread algorithms used for the task of solution of the travelling salesman such as exhaustive algorithm, Greedy algorithm, genetic algorithm. | ||
| 337 | |a Adobe Reader | ||
| 463 | 1 | |0 (RuTPU)RU\TPU\conf\19196 |t Технологии Microsoft в теории и практике программирования |o сборник трудов XII Всероссийской научно-практической конференции студентов, аспирантов и молодых ученых, г.Томск, 25-26 марта 2015 г. |f Национальный исследовательский Томский политехнический университет (ТПУ), Институт кибернетики ; ред. кол. А. В. Лиепиньш [и др.] |v [С. 139-140] |d 2015 | |
| 610 | 1 | |a электронный ресурс | |
| 610 | 1 | |a труды учёных ТПУ | |
| 610 | 1 | |a приложения | |
| 610 | 1 | |a тестирование | |
| 610 | 1 | |a алгоритмы | |
| 610 | 1 | |a дискретная оптимизация | |
| 610 | 1 | |a задача коммивояжера | |
| 610 | 1 | |a генетические алгоритмы | |
| 700 | 1 | |a Анненкова |b А. А. | |
| 701 | 1 | |a Рейзлин |b В. И. |c специалист в области автоматического управления |c доцент Томского политехнического университета, кандидат физико-математических наук |f 1948- |g Валерий Израилевич |2 stltpush |3 (RuTPU)RU\TPU\pers\25409 | |
| 702 | 1 | |a Рейзлин |b В. И. |c специалист в области автоматического управления |c доцент Томского политехнического университета, кандидат физико-математических наук |f 1948- |g Валерий Израилевич |2 stltpush |4 727 | |
| 712 | 0 | 2 | |a Национальный исследовательский Томский политехнический университет (ТПУ) |b Институт кибернетики (ИК) |b Кафедра информатики и проектирования систем (ИПС) |h 124 |2 stltpush |3 (RuTPU)RU\TPU\col\18697 |
| 801 | 2 | |a RU |b 63413507 |c 20210205 |g RCR | |
| 856 | 4 | |u http://earchive.tpu.ru/handle/11683/23838 | |
| 856 | 4 | |u http://www.lib.tpu.ru/fulltext/c/2015/C28/060.pdf | |
| 942 | |c BK | ||